Rozvoj digitálnej ekonomiky v krajinách strednej a východnej Európy bakalárska práca

Gespeichert in:
Bibliographische Detailangaben
1. Verfasser: Polakovičová, Janka
Körperschaften: Národohospodárska fakulta EU. Katedra ekonómie, Univerzita Komenského v Bratislave. Právnická fakulta
Weitere Verfasser: Darmo, Ľubomír, 1984-
Format: Buch
Sprache:Slowakisch
Veröffentlicht: Bratislava 2024
Tags: Tag hinzufügen
Keine Tags, Fügen Sie das erste Tag hinzu!

MARC

LEADER 00000nbm a2200000 4500
001 0301660
005 20250220210003.2
041 0 |a slo 
044 |a SK 
245 1 0 |a Rozvoj digitálnej ekonomiky v krajinách strednej a východnej Európy  |b bakalárska práca  |c Janka Polakovičová ; školiteľ: Ľubomír Darmo 
264 1 |a Bratislava  |c 2024 
300 |a 53 s. 
100 1 |a Polakovičová, Janka 
700 1 |a Darmo, Ľubomír, 1984- 
710 2 |a Národohospodárska fakulta EU. Katedra ekonómie 
710 2 |a Univerzita Komenského v Bratislave. Právnická fakulta